Sports Quiz

Random Sports or NCAA Quiz

College Football Week 8 BCS Top 25 Quiz Stats

 Plays Quiz not verified by Sporcle

Challenge
Share
Tweet
Embed
Score 0/25 Timer 08:00
0 Plays Today
Ranking Team % Correct
1. Alabama
98.8%
2.University of Florida
98.1%
3.Oregon
96.7%
25.Texas
96%
10.USC
93.9%
9.Oklahoma
93.7%
5.Notre Dame
93.2%
14.Florida St
91.6%
6.LSU
91.4%
4.Kansas St
89.5%
7.South Carolina
89%
11.University of Georgia
88.6%
8.Oregon St
85.1%
Ranking Team % Correct
13.West Virginia
80.2%
18.Texas A&M
80%
20.Stanford
78.1%
17.Texas Tech
76.5%
12.Mississippi St
73.9%
16.Louisville
73.4%
22.Boise St
72%
19.Clemson
71.3%
15.Rutgers
68.1%
23.TCU
66.7%
21.Cincinnati
57.3%
24.Iowa St
47.1%

You're not logged in!

Compare scores with friends on all Sporcle quizzes.
Join for Free
OR
Log In

You Might Also Like...

Show Comments

Extras

Top Quizzes Today


Score Distribution

Your Account Isn't Verified!

In order to create a playlist on Sporcle, you need to verify the email address you used during registration. Go to your Sporcle Settings to finish the process.

Report this User

Report this user for behavior that violates our Community Guidelines.

Details: